| 000 | 02472nam a22002537a 4500 | ||
|---|---|---|---|
| 003 | GR-AtMCL | ||
| 005 | 20260127111204.0 | ||
| 006 | a|||||r||||||||||| | ||
| 008 | s2012||||gr |||g ||| 000 1 gre d | ||
| 020 | _a9789604967810 | ||
| 040 |
_aGR-AtMCL _bgre _dGR-AtMCL _eAACR2 |
||
| 041 | 1 | _hspa | |
| 100 |
_aRuiz Zafón, Carlos _910293 |
||
| 245 | 1 | 2 |
_aΗ σκιά του ανέμου / _cΚάρλος Ρούιθ Θαφόν ; μετάφραση από τα ισπανικα Βασιλική Κνήτου |
| 260 |
_aΑθήνα : _bΨυχογιός, _c2012 |
||
| 300 |
_a615 σ. ; _c21 εκ. |
||
| 500 | _aΤίτλος πρωτοτύπου: La sombra del viento | ||
| 520 | _aΚρυμμένο στην καρδιά της παλιάς πόλης της Βαρκελώνης βρίσκεται το Κοιμητήριο των Λησμονημένων Βιβλίων, μια λαβυρινθώδη βιβλιοθήκη με ξεχασμένους τίτλους που δεν εκδίδονται πια. Σ' αυτή τη βιβλιοθήκη οδηγείται από τον πατέρα του ο δεκάχρονος Ντανιέλ για να επιλέξει ένα βιβλίο από τα ράφια. Διαλέγει τη "Σκιά του ανέμου" του Χουλιάν Καράξ.Καθώς ο Ντανιέλ μεγαλώνει, διάφοροι άνθρωποι φαίνεται να ενδιαφέρονται για το εύρημά του. Μια νύχτα, ενώ περιπλανιέται στους δρόμους, τον πλησιάζει μια φιγούρα που του θυμίζει έναν ήρωα από τη "Σκιά του ανέμου" . Ο άντρας αυτός προσπαθεί να εντοπίσει όλα τα έργα του Καράξ για να κάψει. Αυτό που αρχίζει ως μια υπόθεση λογοτεχνικής περιέργειας εξελίσσεται σε έναν αγώνα για την ανακάλυψη της αλήθειας πίσω από τη ζωή και το θάνατο του Χουλιάν Καράξ.Ένα βιβλίο-σταθμός, μια γοητευτική εξερεύνηση της εμμονής στη λογοτεχνία και στον έρωτα. | ||
| 650 | 0 |
_aΙσπανική λογοτεχνία _910288 |
|
| 653 | _aΛογοτεχνία | ||
| 700 |
_aΚνήτου, Βασιλική _910294 |
||
| 942 | _cBK | ||
| 999 |
_c10081 _d10081 |
||